书目信息 |
| 题名: |
自动机床及自动线
|
|
| 作者: | A·C·普罗尼科夫 著 | |
| 分册: | ||
| 出版信息: | 上海 上海科学技术出版社 1960.01 |
|
| 页数: | 368页 | |
| 开本: | 19cm | |
| 丛书名: | ||
| 单 册: | ||
| 中图分类: | TG502 | |
| 科图分类: | ||
| 主题词: | 金属切削 , 机床 , 金属加工--机具 | |
| 电子资源: | ||
| ISBN: | ||
| 000 | 00622nam0 2200217 45 | |
| 001 | 0405211488 | |
| 005 | 20040521145248.0 | |
| 010 | @dCNY2.10 | |
| 100 | @a20040521d1960 km y0chiy0120 ea | |
| 101 | 0 | @achi |
| 105 | @a z 000yy | |
| 200 | 1 | @a自动机床及自动线@AZi Dong Ji Chuang Ji Zi Dong Xian@f(苏)A·C·普罗尼科夫著@F(Su)A·C·Pu Luo Ni Ke Fu Zhu |
| 210 | @a上海@c上海科学技术出版社@d1960.01 | |
| 215 | @a368页@d19cm | |
| 606 | 0 | @a金属切削 |
| 606 | 0 | @a机床 |
| 606 | 0 | @a金属加工@x机具 |
| 690 | @aTG502@v3 | |
| 701 | 0 | @aA·C·普罗尼科夫@4著 |
| 801 | @aCN@bPftUser@c20040521 | |
| 905 | @f1@b2184@dTG502@e12 | |
| 自动机床及自动线/(苏)A·C·普罗尼科夫著.-上海:上海科学技术出版社,1960.01 |
| 368页;19cm |
| ISBN :CNY2.10 |
| ● |
| 相关链接 |
|
|
|
|
正题名:自动机床及自动线
索取号:TG502/12
 
预约/预借
| 序号 | 登录号 | 条形码 | 馆藏地/架位号 | 状态 | 备注 |
| 1 | 0002184 | 001362741 | 第三借阅区/ [索取号:TG502/12] | 在馆 |